000 00302pam a2200133 a 4500
020 _c
041 _h
082 _a751.422
_bPRE
100 _aJean Hains .
245 _aWorld of water colour
_hTextual Documents
260 _a[s.l]:
_bsearch Press ,
_c2015.
300 _a176:
_bHard.
930 _a7487
999 _c241277
_d241277